[Event "Lugano op"]
[Site "Lugano"]
[Date "1984.??.??"]
[Round "6"]
[White "Nunn, John DM"]
[Black "Cserna, Laszlo"]
[Result "1-0"]
[WhiteElo "2600"]
[BlackElo "2420"]

1.e4 c5 2.Nf3 d6 3.d4 cxd4 4.Nxd4 Nf6 5.Nc3 a6 6.f4 Qc7 7.Bd3 g6 8.O-O Bg7
9.Nf3 Nbd7 10.Qe1 e5 11.a4 b6 12.fxe5 dxe5 13.Qh4 Bb7 14.Bh6 O-O 15.Ng5 Rfc8
16.Kh1 Qd6 17.Bxg7 Kxg7 18.Nxf7 Kxf7 19.Qxh7+ Ke6 20.Qxg6 Qe7 21.Rad1 Qh7
22.Qg3 Ke7 23.Nd5+ Bxd5 24.exd5 Qh6 25.d6+ Kd8 26.Bf5 Ra7 27.Bxd7 Rxd7 28.Rxf6  1-0

[Event "Lugano op"]
[Site "Lugano"]
[Date "1984.??.??"]
[Round "7"]
[White "Nunn, John DM"]
[Black "Lematschko, Tatjana"]
[Result "0-1"]
[WhiteElo "2600"]
[BlackElo "2270"]

1.e4 e5 2.Nf3 Nc6 3.Bb5 a6 4.Ba4 Nf6 5.O-O Be7 6.Re1 b5 7.Bb3 O-O 8.d3 Bb7
9.Nbd2 Re8 10.Nf1 Bf8 11.a4 Na5 12.Ba2 bxa4 13.Bd2 c5 14.Ne3 Nc6 15.Ng5 Re6
16.Nxe6 dxe6 17.Bc4 Na5 18.Rxa4 Nxc4 19.Nxc4 Nd7 20.Bc3 Qc7 21.Qa1 f6 22.Qa2 Re8
23.Ra1 Kf7 24.Rb1 Rb8 25.b4 cxb4 26.Bd2 b3 27.cxb3 Nc5 28.Ra5 Nxd3 29.Qc2 Qd8
30.f3 Rc8 31.Rd1 Rxc4  0-1

[Event "Zuerich op"]
[Site "Zuerich"]
[Date "1984.??.??"]
[Round "2"]
[White "Kindermann, Stefan"]
[Black "Nunn, John DM"]
[Result "1/2-1/2"]
[WhiteElo "2490"]
[BlackElo "2575"]

1.d4 Nf6 2.Nf3 g6 3.Bg5 Bg7 4.Nbd2 O-O 5.e4 d6 6.c3 c5 7.dxc5 dxc5 8.Bc4 Nc6
9.O-O Qc7 10.Qc2 b6 11.Rfe1 Nh5 12.Rad1 Bb7 13.Bf1 Rad8 14.Nc4 Rxd1 15.Rxd1 Rd8
16.Ne3 Rxd1 17.Qxd1 Ne5 18.Nd5 Nxf3+ 19.Qxf3 Bxd5 20.exd5 Nf6 21.g3 h6 22.Bxf6  1/2-1/2

[Event "Zuerich op"]
[Site "Zuerich"]
[Date "1984.??.??"]
[Round "3"]
[White "Nunn, John DM"]
[Black "Hug, Werner"]
[Result "1-0"]
[WhiteElo "2575"]
[BlackElo "2440"]

1.e4 e6 2.d4 d5 3.Nc3 Bb4 4.e5 c5 5.a3 Ba5 6.b4 cxd4 7.Nb5 Bc7 8.f4 Ne7 9.Bd3 Nbc6
10.Nf3 a6 11.Nxc7+ Qxc7 12.O-O Bd7 13.Bb2 Qb6 14.Kh1 O-O-O 15.a4 Qxb4 16.Ba3 Qa5
17.Nxd4 Nxd4 18.Bxe7 Rde8 19.Bd6 Bc6 20.c3 Nf5 21.Bxf5 exf5 22.Qd4 Re6 23.Rfb1 Rd8
24.Bc5 Qc7 25.Bb6 Qe7 26.Bxd8 Qxd8 27.Rd1 Qe7 28.Ra2 h5 29.Rad2 Qc7 30.c4 Bxa4
31.cxd5 Bxd1 32.dxe6 Bb3 33.e7  1-0

[Event "Zuerich op"]
[Site "Zuerich"]
[Date "1984.??.??"]
[Round "4"]
[White "Seirawan, Yasser"]
[Black "Nunn, John DM"]
[Result "1/2-1/2"]
[WhiteElo "2565"]
[BlackElo "2575"]

1.d4 Nf6 2.Nf3 g6 3.Bf4 Bg7 4.e3 d6 5.h3 O-O 6.Be2 c5 7.c3 Be6 8.dxc5 dxc5
9.Qxd8 Rxd8 10.Nbd2 h6 11.Bc4 Bxc4 12.Nxc4  1/2-1/2

[Event "Zuerich op"]
[Site "Zuerich"]
[Date "1984.??.??"]
[Round "7"]
[White "Nunn, John DM"]
[Black "Kortschnoj, Viktor"]
[Result "1/2-1/2"]
[WhiteElo "2575"]
[BlackElo "2635"]

1.e4 e5 2.Nf3 Nc6 3.Bb5 a6 4.Ba4 Nf6 5.O-O Be7 6.Re1 b5 7.Bb3 d6 8.a4 b4
9.a5 O-O 10.d4 Bg4 11.dxe5 Nxe5 12.Nbd2 Nfd7 13.h3 Bh5 14.g4 Bg6 15.Nxe5 dxe5
16.Bd5 Rb8 17.Nc4 Bc5 18.Qf3 Qe7 19.Be3 Bd4 20.Rad1 Rbd8 21.Qg3 Nf6 22.Bg5 c6
23.c3 cxd5 24.cxd4 dxc4 25.dxe5 Rxd1 26.Rxd1 Rd8 27.Rxd8+ Qxd8 28.exf6 h6
29.Be3 Bxe4 30.Kh2 c3 31.Qe5 Bb7 32.bxc3 b3 33.c4 gxf6 34.Qd4 Qe7 35.Kg3 Qe5+  1/2-1/2

[Event "Zuerich op"]
[Site "Zuerich"]
[Date "1984.??.??"]
[Round "8"]
[White "Gheorghiu, Florin"]
[Black "Nunn, John DM"]
[Result "1/2-1/2"]
[WhiteElo "2505"]
[BlackElo "2575"]

1.e4 e5 2.Nf3 Nc6 3.Bb5 a6 4.Ba4 Nf6 5.O-O Be7 6.Re1 b5 7.Bb3 O-O 8.c3 d5
9.exd5 Nxd5 10.Nxe5 Nxe5 11.Rxe5 c6 12.Bxd5 cxd5 13.d4 Bd6 14.Re1 Qh4 15.g3 Qh3
16.Be3 Bg4 17.Qd3 Rae8 18.Qf1 Qh5 19.Nd2 f5  1/2-1/2

[Event "Zuerich op"]
[Site "Zuerich"]
[Date "1984.??.??"]
[Round "9"]
[White "Nunn, John DM"]
[Black "Spassky, Boris V"]
[Result "1/2-1/2"]
[WhiteElo "2575"]
[BlackElo "2590"]

1.e4 e5 2.Nf3 Nc6 3.Bb5 a6 4.Ba4 Nf6 5.O-O Be7 6.Re1 b5 7.Bb3 d6 8.a4 b4
9.d4 O-O 10.dxe5 dxe5 11.Qxd8 Rxd8 12.Nbd2 h6 13.Nc4  1/2-1/2

[Event "OHRA"]
[Site "Amsterdam"]
[Date "1985.??.??"]
[Round "1"]
[White "Karpov, Anatoly"]
[Black "Nunn, John DM"]
[Result "1-0"]
[WhiteElo "2720"]
[BlackElo "2600"]

1.e4 c5 2.Nf3 d6 3.d4 Nf6 4.Nc3 cxd4 5.Nxd4 a6 6.Be2 e5 7.Nb3 Be7 8.O-O O-O
9.Be3 Be6 10.Qd2 Nbd7 11.a4 Rc8 12.a5 Qc7 13.Rfd1 Rfd8 14.Qe1 Qc6 15.Bf3 Bc4
16.Nc1 h6 17.N1a2 Nc5 18.Nb4 Qe8 19.g3 Rc7 20.Bg2 Rdc8 21.b3 Be6 22.Ncd5 Nxd5
23.Nxd5 Bxd5 24.Rxd5 Rc6 25.Rad1 Ne6 26.c4 Bg5 27.Ba7 Ra8 28.Bb6 Bd8 29.Be3 Bc7
30.Qe2 b6 31.b4 bxa5 32.b5 axb5 33.cxb5 Rc5 34.Bxc5 Nxc5 35.Bf1 a4 36.Qc2 a3
37.Bc4 Ne6 38.R5d3 Nd4 39.Qa2 Bb6 40.Rxa3  1-0

[Event "OHRA"]
[Site "Amsterdam"]
[Date "1985.??.??"]
[Round "2"]
[White "Nunn, John DM"]
[Black "Miles, Anthony J"]
[Result "1/2-1/2"]
[WhiteElo "2600"]
[BlackElo "2560"]

1.e4 c6 2.d4 d5 3.e5 Bf5 4.h4 h5 5.c4 e6 6.Nc3 Be7 7.Nf3 Bg4 8.Be3 Nh6 9.cxd5 cxd5
10.Qb3 Qd7 11.Bd3 Nf5 12.Nh2 Nxe3 13.fxe3 Nc6 14.Nxg4 hxg4 15.Qd1 Rxh4 16.Rxh4 Bxh4+
17.Kd2 Qe7 18.Qxg4 Bg5 19.Rf1 O-O-O 20.a3 f6 21.exf6 gxf6 22.Ne2 Kb8 23.Qg3+ e5
24.Kc2 Qc7 25.dxe5 Nxe5+ 26.Nc3 Bxe3 27.Rxf6 d4 28.Re6 dxc3 29.Qxe5 Qxe5
30.Rxe5 Bd4 31.Re7 cxb2 32.Be4 Rc8+ 33.Kb3 Rc3+ 34.Ka2 Re3 35.Re8+ Kc7 36.Bg6 Be5
37.Re7+ Kb6 38.g4 Kc6 39.Bb1 a5 40.g5 b5 41.g6 b4 42.axb4 axb4 43.Ra7 Kb6
44.Ra4 Kb5 45.Ra8 Rg3 46.Ra7 Kc4 47.Ra6 Bg7 48.Ra8 Bd4 49.Rc8+ Kd5 50.Rd8+ Ke5
51.Re8+ Kf6 52.Ra8 b3+ 53.Ka3 Rg1 54.Rf8+ Ke7 55.Rf4 Be5 56.Rf7+ Kd6 57.g7 Bxg7
58.Kxb3 Bd4 59.Ka2 Rg5 60.Rf3 Rg2  1/2-1/2

[Event "OHRA"]
[Site "Amsterdam"]
[Date "1985.??.??"]
[Round "5"]
[White "Nunn, John DM"]
[Black "Sunye Neto, Jaime"]
[Result "1-0"]
[WhiteElo "2600"]
[BlackElo "2480"]

1.e4 c5 2.Nf3 d6 3.d4 cxd4 4.Nxd4 Nf6 5.Nc3 a6 6.Be2 e5 7.Nb3 Be7 8.O-O O-O
9.Be3 Be6 10.Qd2 Nbd7 11.a4 Rc8 12.a5 Qc7 13.Rfd1 Qc6 14.Bf3 Rfe8 15.Qe1 h6
16.Nc1 Ra8 17.Nd3 b5 18.Nb4 Qb7 19.Ncd5 Bf8 20.b3 Nxd5 21.exd5 Bf5 22.Be2 Nc5
23.Ra3 Rab8 24.Nc6 Bxc2 25.Rd2 b4 26.Ra1 Bxb3 27.Nxb8 Rxb8 28.Bxc5 dxc5 29.Qf1 Ra8
30.d6 Qc6 31.Qb1 Bd5 32.Rxd5 Qxd5 33.Bf3 e4 34.Bxe4 Qe5 35.Bxa8 Bxd6 36.g3 c4
37.Qe1 Qf6 38.Rd1 g6 39.Bd5  1-0

[Event "OHRA"]
[Site "Amsterdam"]
[Date "1985.??.??"]
[Round "6"]
[White "Nunn, John DM"]
[Black "Karpov, Anatoly"]
[Result "0-1"]
[WhiteElo "2600"]
[BlackElo "2720"]

1.e4 e5 2.Nf3 Nc6 3.Bb5 a6 4.Ba4 Nf6 5.O-O Be7 6.Re1 b5 7.Bb3 O-O 8.a4 b4
9.a5 d6 10.c3 Rb8 11.Bc4 bxc3 12.dxc3 Na7 13.Nbd2 Bb7 14.Qc2 Nb5 15.Nf1 Bc6
16.Ng3 Bd7 17.h3 Qc8 18.Bd3 Be6 19.Be3 c5 20.Nd2 Qc6 21.Nc4 Nd7 22.Rad1 Kh8
23.Qe2 Rfe8 24.f4 exf4 25.Bxf4 Bf6 26.Nh5 Be5 27.Qf2 f6 28.Bc1 Qc7 29.Rf1 Re7
30.Qh4 Bxc4 31.Bxc4 Qxa5 32.Rf5 Qd8 33.Nf4 Bxf4 34.Bxf4 Qe8 35.Qg3 Rxe4 36.Bd3 Re7
37.c4 Nd4 38.Bxd6 Re3 39.Qf2 Rb3  0-1

[Event "OHRA"]
[Site "Amsterdam"]
[Date "1985.??.??"]
[Round "7"]
[White "Miles, Anthony J"]
[Black "Nunn, John DM"]
[Result "1/2-1/2"]
[WhiteElo "2560"]
[BlackElo "2600"]

1.d4 Nf6 2.c4 g6 3.Nc3 Bg7 4.e4 d6 5.Nge2 O-O 6.Ng3 a6 7.Be2 c6 8.O-O b5
9.e5 Ne8 10.f4 Nd7 11.Be3 Bb7 12.c5 Nc7 13.cxd6 exd6 14.exd6 Nd5 15.Nxd5 cxd5
16.f5 Qb6 17.Qd2 Rfe8 18.Kh1 Qxd6 19.Bh6 Bh8 20.fxg6 hxg6 21.Rf4 Nf6 22.Raf1 Re7
23.Bg5 Re6 24.Bd3 Ne4 25.Bxe4 dxe4 26.Rxf7 Bd5 27.Qe3 Rc8 28.Ne2 Ree8 29.R7f6 Re6
30.Rxe6 Qxe6 31.b3 Rc2 32.Qf4 Bg7 33.Qb8+  1/2-1/2

[Event "Brussels OHRA"]
[Site "Brussels"]
[Date "1985.??.??"]
[Round "?"]
[White "Sax, Gyula"]
[Black "Nunn, John DM"]
[Result "1-0"]
[WhiteElo "2565"]
[BlackElo "2615"]

1.e4 e5 2.Nf3 Nf6 3.d4 Nxe4 4.Bd3 d5 5.Nxe5 Nd7 6.Nc3 Nxe5 7.dxe5 Bb4 8.O-O Nxc3
9.bxc3 Bxc3 10.Rb1 Qe7 11.Rb3 Bxe5 12.Re1 O-O 13.Qh5 f5 14.Bf4  1-0

[Event "Brussels OHRA"]
[Site "Brussels"]
[Date "1985.??.??"]
[Round "?"]
[White "Jadoul, Michel"]
[Black "Nunn, John DM"]
[Result "0-1"]
[WhiteElo "2320"]
[BlackElo "2615"]

1.e4 c5 2.Nf3 d6 3.d4 cxd4 4.Nxd4 Nf6 5.Nc3 a6 6.Bg5 e6 7.f4 Qb6 8.Qd3 Qxb2
9.Rb1 Qa3 10.f5 Qa5 11.Qc4 Kd8 12.Bd2 Qc5 13.Na4 Qxc4 14.Bxc4 Nc6 15.fxe6 Nxd4
16.Ba5+ Ke7 17.Nb6 fxe6 18.Nxa8 Nxc2+ 19.Ke2 b5 20.Bd3 Nd4+ 21.Ke3 Nc6 22.Bc3 Bb7
23.Nb6 Kd8 24.Rhc1 d5 25.exd5 exd5 26.Bxf6+ gxf6 27.Kf2 Nb4 28.Bf5 Nxa2 29.Rc2 Nb4
30.Rxb4 Bxb4 31.Bc8 Ba5 32.Bxb7 Bxb6+ 33.Kf3 Ke7 34.Bxa6 b4 35.Bb7 Bd4 36.Bxd5 Kd6
37.Be4 Bc3 38.g4 h5 39.h3 hxg4+ 40.hxg4 b3 41.Rc1 Rh3+ 42.Ke2 Ke5 43.Bf5 b2
44.Rf1 Kd4 45.Rf4+ Kc5 46.Ra4 Rh2+ 47.Ke3 Bd2+ 48.Kf3 Rh1 49.Ke2 Bg5 50.Ra5+ Kb6
51.Ra8 Kc7  0-1

[Event "Brussels OHRA"]
[Site "Brussels"]
[Date "1985.??.??"]
[Round "?"]
[White "Nunn, John DM"]
[Black "Kouatly, Bachar"]
[Result "1/2-1/2"]
[WhiteElo "2615"]
[BlackElo "2460"]

1.e4 c5 2.f4 d5 3.Nc3 dxe4 4.Nxe4 e6 5.Nf3 Nc6 6.g3 Be7 7.Bg2 Nf6 8.Nf2 Qc7
9.O-O O-O 10.b3 b6 11.Bb2 Ba6 12.c4 Rad8 13.Qe2 Rd7 14.Rad1 Bb7 15.Bh3 Rfd8
16.d3 h6 17.Bg2 a6 18.Qe3 Nb4 19.g4 Nc2 20.Qe2  1/2-1/2

[Event "Brussels OHRA"]
[Site "Brussels"]
[Date "1985.??.??"]
[Round "3"]
[White "Nunn, John DM"]
[Black "Polgar, Zsuzsa"]
[Result "1/2-1/2"]
[WhiteElo "2615"]
[BlackElo "2430"]

1.e4 e5 2.Nf3 Nf6 3.Nxe5 d6 4.Nf3 Nxe4 5.Nc3 Nxc3 6.dxc3 Be7 7.Be3 Nc6 8.Qd2 Ne5
9.Nd4 O-O 10.O-O-O c5 11.Nb5 Be6 12.Nxd6 Qb6 13.b4 Bxd6 14.Qxd6 Qxd6 15.Rxd6 cxb4
16.cxb4 Bxa2 17.Bd4 f6 18.Bxe5 fxe5 19.Kb2 Bf7 20.Bd3 a5 21.bxa5 Rxa5 22.Ra1 Rc5
23.Rd7 Bg6 24.Bxg6 hxg6 25.Rd2 Rfc8 26.Ra3 Kf7 27.Rad3 Rb5+ 28.Rb3 Rxb3+
29.Kxb3 Ke6 30.c4 g5 31.h3 Ra8 32.Rb2 Kd6 33.Kc3 Ra3+ 34.Kd2 Kc5 35.Rxb7 Kxc4
36.Rd7 e4 37.Ke2 g6 38.g3 Kc5 39.Kf1 Ra2 40.g4 Rb2 41.Rg7 Rb6 42.Rd7  1/2-1/2

[Event "Brussels OHRA"]
[Site "Brussels"]
[Date "1985.??.??"]
[Round "5"]
[White "Nunn, John DM"]
[Black "Spassky, Boris V"]
[Result "1/2-1/2"]
[WhiteElo "2615"]
[BlackElo "2580"]

1.e4 e5 2.Nf3 Nc6 3.Bb5 g6 4.c3 a6 5.Ba4 d6 6.d4 Bd7 7.O-O Bg7 8.Be3 Nf6
9.dxe5 Nxe5 10.Nxe5 dxe5 11.Bxd7+ Qxd7  1/2-1/2

[Event "Brussels OHRA"]
[Site "Brussels"]
[Date "1985.??.??"]
[Round "13"]
[White "Garcia Palermo, Carlos"]
[Black "Nunn, John DM"]
[Result "1/2-1/2"]
[WhiteElo "2520"]
[BlackElo "2615"]

1.d4 Nf6 2.c4 g6 3.Nf3 Bg7 4.g3 O-O 5.Bg2 d6 6.O-O Nbd7 7.Nc3 e5 8.e4 a6
9.Be3 Rb8 10.Qc2 exd4 11.Bxd4 c5 12.Be3 b5 13.Rad1 b4 14.Nd5 Bb7  1/2-1/2

[Event "Bundesliga 8485"]
[Site "Germany"]
[Date "1985.??.??"]
[Round "?"]
[White "Nunn, John DM"]
[Black "Goehring, Karl Heinz"]
[Result "1-0"]
[WhiteElo "2615"]
[BlackElo "2355"]

1.e4 e5 2.Nf3 Nc6 3.Bb5 a6 4.Ba4 d6 5.Bxc6+ bxc6 6.d4 exd4 7.Nxd4 c5 8.Nc6 Qd7
9.Na5 Ne7 10.Nc3 Ng6 11.O-O Be7 12.f4 Bf6 13.Nd5 Bd8 14.Nc4 Ne7 15.b3 Nxd5
16.Qxd5 Rb8 17.Bb2 O-O 18.f5 Bb7 19.Qd3 Re8 20.e5 Qc6 21.Qh3 Bg5 22.Na5 Qe4
23.Nxb7 Rxb7 24.Rae1 Qh4 25.Qxh4 Bxh4 26.g3 Be7 27.f6 Bf8 28.exd6 Rxe1 29.Rxe1 cxd6
30.Re8 gxf6 31.Bxf6 d5 32.Kf2  1-0

[Event "Bundesliga 8485"]
[Site "Germany"]
[Date "1985.??.??"]
[Round "?"]
[White "Nunn, John DM"]
[Black "Heidrich, Manfred"]
[Result "1-0"]
[WhiteElo "2615"]
[BlackElo "2260"]

1.e4 e5 2.Nf3 Nc6 3.Bb5 a6 4.Ba4 Nf6 5.O-O Nxe4 6.d4 b5 7.Bb3 d5 8.dxe5 Be6
9.Be3 Be7 10.c3 O-O 11.Nbd2 Bg4 12.Nxe4 dxe4 13.Qd5 exf3 14.Qxc6 fxg2 15.Qxg2 Qd7
16.Bh6 gxh6 17.f3 Rae8 18.Rae1 h5 19.Kh1 Qc6 20.Re4 Bd6 21.exd6 Rxe4 22.fxe4 Kh8
23.h3 Bxh3 24.Qxh3 Qxe4+ 25.Kh2 Rg8 26.Bd1 Qe5+ 27.Kh1 Rg3 28.Qc8+ Kg7 29.Qf5 Qxf5
30.Rxf5 cxd6 31.Bxh5 Rd3 32.Kg1 d5 33.Kf1 d4 34.Rxf7+ Kh6 35.Be2 Rd2 36.cxd4 Rxb2
37.Rf6+ Kg5 38.Rxa6 Kf4 39.d5 b4 40.Ke1  1-0

[Event "Bundesliga 8485"]
[Site "Germany"]
[Date "1985.??.??"]
[Round "?"]
[White "Nunn, John DM"]
[Black "Heinbuch, Detlef"]
[Result "1/2-1/2"]
[WhiteElo "2615"]
[BlackElo "2310"]

1.e4 c5 2.Nf3 Nc6 3.d4 cxd4 4.Nxd4 Nf6 5.Nc3 d6 6.Bc4 e6 7.Be3 Be7 8.Qe2 Bd7
9.O-O-O Rc8 10.Bb3 Nxd4 11.Rxd4 Qa5 12.Kb1 O-O 13.g4 e5 14.Nd5 Nxd5 15.Rxd5 Qc7
16.Rd2 Be6 17.Bd5 Bxd5 18.Rxd5 Qc4 19.Qxc4 Rxc4 20.f3 a6 21.c3 f6 22.Kc2 Kf7
23.b3 Rc6 24.a4 Ke6 25.c4 g6 26.Kd3 f5 27.gxf5+ gxf5 28.Rg1 Rcc8 29.Rg7 f4
30.Bf2 Rg8 31.Rxh7 Rh8 32.Rxh8 Rxh8 33.Bg1 Rg8 34.Ba7 Ra8 35.Bb6 Rh8 36.Bg1  1/2-1/2

[Event "Bundesliga 8485"]
[Site "Germany"]
[Date "1985.??.??"]
[Round "?"]
[White "Nunn, John DM"]
[Black "Meyer, Holger"]
[Result "1-0"]
[WhiteElo "2575"]
[BlackElo "2245"]

1.e4 e6 2.d4 d5 3.Nc3 Bb4 4.e5 c5 5.a3 Bxc3+ 6.bxc3 Ne7 7.Nf3 Bd7 8.dxc5 Qa5
9.Bd3 Na6 10.O-O Nxc5 11.Rb1 Rc8 12.Rb4 Ng6 13.h4 Nxd3 14.cxd3 h5 15.Rxb7 Ba4
16.Qe2 Qa6 17.Rb4 Bb5 18.Rd1 O-O 19.Ng5 Rxc3 20.Qxh5 Rfc8 21.Rf4 Nxf4 22.Qxf7+ Kh8
23.Bxf4 Re8 24.Bd2  1-0

[Event "Bundesliga 8485"]
[Site "Germany"]
[Date "1985.??.??"]
[Round "?"]
[White "Nunn, John DM"]
[Black "Nikolac, Juraj"]
[Result "1-0"]
[WhiteElo "2575"]
[BlackElo "2450"]

1.e4 c6 2.d4 d5 3.e5 Na6 4.c3 Bf5 5.Ne2 e6 6.Nf4 Ne7 7.Nd2 Nc7 8.g4 Bg6 9.h4 f6
10.Nxg6 hxg6 11.Nf3 Qd7 12.Rg1 O-O-O 13.Bd3 c5 14.Bf4 cxd4 15.cxd4 Nc6 16.Bxg6 Bb4+
17.Kf1 Rdf8 18.h5 fxe5 19.Nxe5 Nxe5 20.Bxe5 Bd6 21.Qe2 Bxe5 22.Qxe5 Qb5+
23.Kg2 Qxb2 24.Rgf1 Qa3 25.f4 Qe7 26.Rac1 Rd8 27.f5 Qd6 28.fxe6 Qxe5 29.dxe5 Kb8
30.e7 Rdg8 31.Bf7 Rc8 32.g5 d4 33.Rfd1  1-0

[Event "Bundesliga 8485"]
[Site "Germany"]
[Date "1985.??.??"]
[Round "?"]
[White "Nunn, John DM"]
[Black "Schulz, Klaus Juergen"]
[Result "1-0"]
[WhiteElo "2615"]
[BlackElo "2380"]

1.e4 e6 2.d4 d5 3.Nc3 Nf6 4.e5 Nfd7 5.f4 c5 6.Nf3 Nc6 7.Be3 cxd4 8.Nxd4 Nxd4
9.Bxd4 Nb8 10.Bd3 Nc6 11.Bf2 g6 12.a3 Bd7 13.O-O h5 14.Nb5 a6 15.Nd6+ Bxd6
16.exd6 Qb8 17.c4 Qxd6 18.cxd5 Qxd5 19.Rc1 Ne7 20.Qe2 Bc6 21.Bb6 h4 22.h3 Rh5
23.Rfd1 Qb3 24.Bc7 Rd5 25.Bc4 Rxd1+ 26.Rxd1 Qa4 27.b3 Qxa3 28.Qe5 Bd5 29.Bxd5 Qc5+
30.Kh1 Nxd5 31.Bd6 Qc6 32.Qh8+ Kd7 33.Qxa8 Qxd6 34.Qxb7+ Ke8 35.Rc1 Kf8 36.Rc8+ Kg7
37.Qb8 Qa3 38.Rg8+ Kf6 39.Qe5+ Ke7 40.Qg5+ Nf6 41.Ra8 Qa1+ 42.Kh2  1-0

[Event "Bundesliga 8485"]
[Site "Germany"]
[Date "1985.??.??"]
[Round "?"]
[White "Nunn, John DM"]
[Black "Wockenfuss, Klaus"]
[Result "1-0"]
[WhiteElo "2575"]
[BlackElo "2335"]

1.e4 e6 2.d4 d5 3.Nc3 Nf6 4.e5 Nfd7 5.f4 c5 6.Nf3 Nc6 7.Be3 Qb6 8.Na4 Qa5+
9.c3 cxd4 10.b4 Qc7 11.Nxd4 g5 12.Bb5 Nb6 13.Nxb6 axb6 14.O-O gxf4 15.Bxf4 Bd7
16.Nf5 Qd8 17.Nd6+ Bxd6 18.exd6 Qf6 19.Qd2 Rg8 20.Rae1 Ra3 21.Bh6 Qxc3 22.Bxc6 bxc6
23.Qf2 f6 24.Re3  1-0

[Event "Bundesliga 8485"]
[Site "Germany"]
[Date "1985.??.??"]
[Round "?"]
[White "Ott, Wolfgang"]
[Black "Nunn, John DM"]
[Result "0-1"]
[WhiteElo "2300"]
[BlackElo "2615"]

1.e4 c5 2.Nf3 d6 3.g3 Nc6 4.Bg2 g6 5.O-O Bg7 6.d3 e5 7.Ne1 Nge7 8.f4 exf4
9.gxf4 O-O 10.Nd2 f5 11.c3 Be6 12.Nc2 Qd7 13.Qe1 Rae8 14.Nf3 c4 15.Ncd4 Nxd4
16.Nxd4 Bxd4+ 17.cxd4 cxd3 18.Qg3 fxe4 19.Bxe4 Bf5 20.Bxd3 Qa4 21.Rf2 Bxd3
22.Qxd3 Nf5 23.Bd2 d5 24.Qf3 Re4 25.Bc3 Qd7 26.Raf1 Qe6 27.Qg4 Qe7 28.Rc1 Rc8
29.h3 Rc6 30.Kh2 Nxd4 31.Rd1 Nf5 32.Rxd5 Ne3 33.Qd7 Nxd5 34.Qxd5+ Kf8 35.Be5 Rec4
36.Kg3 R4c5 37.Qb3 Re6 38.Qd3 Kg8 39.Qb3 Qf7 40.h4 Rec6 41.Rd2 Qxb3+ 42.axb3 Rb5
43.Kg4 Rxb3 44.Rd7 h5+ 45.Kg5 Rg3+ 46.Kh6 g5+ 47.Kxh5 gxf4 48.Bxf4 Rg7 49.Rd8+ Kh7
50.b4 Rb6 51.Rd4 Rb5+ 52.Bg5 b6 53.Re4 a5 54.bxa5 bxa5 55.Re6 Rbb7 56.Be3 Rbe7
57.Rh6+ Kg8 58.Bg5 Ra7 59.Be3 Ra8 60.Rd6 a4 61.Bh6 Ra5+ 62.Bg5 a3 63.Kh6 a2
64.Bf6 Rg1 65.h5 a1=Q 66.Bxa1 Rgxa1 67.Rd8+ Kf7 68.Rd7+ Ke6 69.Rd2 Rh1 70.Re2+ Kf6
71.Rf2+ Rf5  0-1

[Event "Bundesliga 8485"]
[Site "Germany"]
[Date "1985.??.??"]
[Round "?"]
[White "Pfleger, Helmut"]
[Black "Nunn, John DM"]
[Result "1/2-1/2"]
[WhiteElo "2490"]
[BlackElo "2575"]

1.c4 g6 2.g3 Bg7 3.Bg2 e5 4.Nc3 d6 5.Nf3 f5 6.d3 Nf6 7.O-O O-O 8.b4 Kh8 9.Bb2 c6
10.e3 Be6 11.c5 dxc5 12.bxc5 Nbd7 13.d4 e4 14.Nd2 Nd5 15.Nxd5 Bxd5 16.Qc2 Qe7
17.Bc3 Nf6 18.Rab1 Qf7 19.Rb2 Rae8 20.Rfb1 Re7 21.Nb3 Bc4 22.Na5 Bd3 23.Qc1 Bxb1
24.Qxb1 Nd5 25.Bd2 f4 26.gxf4 g5 27.Nxb7 gxf4 28.Nd6 Qg6 29.Kh1 f3 30.Bh3 Qh5
31.Qf1 Bh6 32.Rb1 Bg5 33.Nf5 Ref7 34.Ng3 Qg6 35.Qa6 Bh4 36.Rb7 Bxg3 37.Rxf7 Qxf7
38.hxg3 Qh5 39.Kh2 Nf6 40.Qf1 Rb8 41.d5 Nxd5 42.Qa6 Qe8 43.Qa4 Kg8 44.Qd4 Rb1
45.Bc3 Nxc3 46.Qxc3 Qh5 47.Qc4+ Kf8 48.Qe6 Rd1 49.Qf6+ Kg8 50.Qe6+ Kf8 51.Qf6+  1/2-1/2

[Event "Bundesliga 8485"]
[Site "Germany"]
[Date "1985.??.??"]
[Round "?"]
[White "Seppeur, Reinhold"]
[Black "Nunn, John DM"]
[Result "0-1"]
[WhiteElo "2295"]
[BlackElo "2615"]

1.e4 e5 2.Bc4 Nf6 3.d3 Nc6 4.Nc3 Bb4 5.Nf3 d6 6.O-O Bxc3 7.bxc3 Bg4 8.h3 Bh5
9.Re1 Qd7 10.Bb5 a6 11.Bxc6 Qxc6 12.c4 b5 13.g4 Bg6 14.cxb5 axb5 15.a3 Nd7
16.Rb1 Nc5 17.Rb4 O-O 18.c4 Rfb8 19.Nh4 bxc4 20.Rxc4 d5 21.Rc3 Qd6 22.Qf3 d4
23.Rc4 Rb3 24.Nxg6 hxg6 25.Rd1 Rc3 26.Rxc3 dxc3 27.d4 exd4 28.e5 Qd8 29.Rxd4 Qxd4
30.Qxa8+ Kh7 31.Be3 Qxe3 32.fxe3 c2  0-1

[Event "Lloyds Bank op"]
[Site "London"]
[Date "1985.??.??"]
[Round "?"]
[White "Colias, Billy"]
[Black "Nunn, John DM"]
[Result "0-1"]
[WhiteElo "2315"]
[BlackElo "2600"]

1.e4 c5 2.Nf3 d6 3.d4 cxd4 4.Nxd4 Nf6 5.Nc3 a6 6.Bg5 e6 7.f4 Qb6 8.Qd2 Qxb2
9.Rb1 Qa3 10.f5 Nc6 11.fxe6 fxe6 12.Nxc6 bxc6 13.e5 dxe5 14.Bxf6 gxf6 15.Ne4 Be7
16.Be2 h5 17.Rb3 Qa4 18.Nxf6+ Bxf6 19.c4 Ra7 20.O-O Rf7 21.Rb8 O-O 22.Bxh5 Rd7
23.Qc1 Qxa2 24.Rb2 Qa3 25.Rf3 Qc5+  0-1

[Event "Lloyds Bank op"]
[Site "London"]
[Date "1985.??.??"]
[Round "?"]
[White "Flear, Glenn C"]
[Black "Nunn, John DM"]
[Result "1/2-1/2"]
[WhiteElo "2475"]
[BlackElo "2600"]

1.d4 Nf6 2.c4 g6 3.Nc3 Bg7 4.e4 d6 5.Be2 O-O 6.Nf3 e5 7.Be3 h6 8.dxe5 Ng4
9.Bf4 Nxe5 10.Qd2 Nxf3+ 11.Bxf3 Kh7 12.O-O Nc6 13.Be3 f5 14.Rad1 Ne5 15.Be2 fxe4
16.Nxe4 Qe7 17.c5 d5 18.Qxd5 Be6 19.Qxb7 a5 20.Nc3 Rab8 21.Qe4 Bf5 22.Qa4 Rxb2
23.Qa3 Rfb8 24.Rd2 Rxd2 25.Bxd2 Qd7 26.Be3 Qe6 27.Qxa5 Nc4 28.Bxc4 Qxc4 29.Rc1 Rd8
30.h3 Rd3 31.Ne2 Qf7 32.c6 Qe7 33.Qc5 Qxc5 34.Rxc5 Ra3 35.Ng3 Be6 36.Bf4 Rxa2
37.Be5 Bf8 38.Rc1 Bd5 39.Bxc7 Ba3 40.Rc3 Bb4 41.Rc1 Ba3 42.Rd1 Bxc6 43.Bd6 Bb2
44.Kh2 Ra7 45.Rd2 Bg7 46.Re2 Bb5 47.Re1 Bd4 48.Ne4 Ra1 49.Rxa1 Bxa1 50.Kg3 g5
51.h4 Bc6 52.f3 Kg6 53.Be7 Be5+ 54.Kf2 Bd4+ 55.Ke2 g4 56.Kd3 gxf3 57.gxf3 Bb6  1/2-1/2

[Event "Lloyds Bank op"]
[Site "London"]
[Date "1985.??.??"]
[Round "?"]
[White "Nunn, John DM"]
[Black "Hodgson, Julian M"]
[Result "1/2-1/2"]
[WhiteElo "2600"]
[BlackElo "2445"]

1.e4 c6 2.c4 e5 3.Nf3 d6 4.d4 Nd7 5.Nc3 Ngf6 6.Be2 g6 7.O-O Bg7 8.Re1 O-O
9.Bf1 exd4 10.Nxd4 Re8 11.Bf4 Nc5 12.f3 Qb6 13.Qd2 Ne6 14.Be3 Nxe4 15.Nxe4 Nxd4
16.Bf2 Bf5 17.Nxd6 Red8 18.c5 Qxc5 19.Nxb7 Qd5 20.Qf4 Rd7 21.Rad1 Rxb7 22.Bxd4 Rb4
23.Be5 Rxf4 24.Rxd5 cxd5 25.Bxf4 Bxb2 26.Ba6 d4 27.Kf2 Rd8 28.Bc4 Rc8 29.Bb3 Bc2
30.Bxc2 Rxc2+ 31.Kg3 Kg7 32.Re7 d3 33.Rd7 Bf6 34.a3 a6  1/2-1/2

[Event "Lloyds Bank op"]
[Site "London"]
[Date "1985.??.??"]
[Round "?"]
[White "Nunn, John DM"]
[Black "Morovic Fernandez, Ivan"]
[Result "1-0"]
[WhiteElo "2600"]
[BlackElo "2470"]

1.e4 e6 2.d4 d5 3.Nc3 Bb4 4.e5 c5 5.a3 Bxc3+ 6.bxc3 Qc7 7.Nf3 Bd7 8.dxc5 Qxc5
9.Bd3 Ba4 10.O-O Nc6 11.Rb1 O-O-O 12.Qd2 Rd7 13.Qf4 b5 14.Be3 Qxc3 15.Bxb5 Bxb5
16.Rxb5 Qc4 17.Qxc4 dxc4 18.Rc5 Rc7 19.Nd2 Nge7 20.Nxc4 Kb8 21.Nd6 f6 22.exf6 gxf6
23.Ne4 Nd5 24.Bh6 f5 25.Nc3 Nxc3 26.Rxc3 Nd4 27.Rxc7 Kxc7 28.Rd1 Nc6 29.Kf1 Rb8
30.Ke2 Rb2 31.Kd3 Rb5 32.Kc3 Rc5+ 33.Kb2 e5 34.Rd3 Rb5+ 35.Kc1 Nd4 36.Be3 Nc6
37.Bd2 Rb7 38.Bc3 Kb6 39.Rd5 Re7 40.Kd2 f4 41.Ke2 Rg7 42.g3 fxg3 43.hxg3 Rg5
44.Ke3 h5 45.a4 Kc7 46.Kf3 a6 47.a5 Kc8 48.Rd6 Kc7 49.Rd5 Kc8 50.Rd6 Kc7
51.Rh6 Rf5+ 52.Ke3 e4 53.Bd2 Kd7 54.c4 Rf3+ 55.Kxe4 Rxf2 56.Bf4 Nxa5 57.c5 Rc2
58.Kd5 Rc3 59.Rxa6 Nb3 60.c6+ Ke8 61.Ra8+  1-0

[Event "Lloyds Bank op"]
[Site "London"]
[Date "1985.??.??"]
[Round "?"]
[White "Nunn, John DM"]
[Black "Levitt, Jonathan"]
[Result "1-0"]
[WhiteElo "2600"]
[BlackElo "2375"]

1.e4 e6 2.d4 d5 3.Nc3 Bb4 4.e5 Qd7 5.a3 Bxc3+ 6.bxc3 b6 7.h4 c5 8.h5 f5 9.h6 g6
10.a4 Ba6 11.a5 Bxf1 12.Kxf1 b5 13.Ne2 Nc6 14.Qd2 Rb8 15.dxc5 Nge7 16.Nd4 O-O
17.Rh4 a6 18.Qe1 Rf7 19.Bg5 Kf8 20.Kg1 Ke8 21.Qd2 Kd8 22.c4 Nxd4 23.cxd5 Nc6
24.Qe2 Ke8 25.dxc6 Qxc6 26.Bxe7 Rxe7 27.Rd4 Qxc5 28.Rd6 b4 29.Rxa6 Kf7 30.Rd6 Ra7
31.a6 Rb5 32.Qd2 Qxe5 33.Re1 Qc3 34.Rd7+ Rxd7 35.Qxd7+ Kf6 36.Rxe6+  1-0

[Event "Lloyds Bank op"]
[Site "London"]
[Date "1985.??.??"]
[Round "?"]
[White "Nunn, John DM"]
[Black "Chandler, Murray G"]
[Result "1/2-1/2"]
[WhiteElo "2600"]
[BlackElo "2525"]

1.e4 e6 2.d4 d5 3.Nd2 c5 4.Ngf3 a6 5.exd5 exd5 6.dxc5 Bxc5 7.Nb3 Ba7 8.Be2 Nf6
9.O-O O-O 10.Bg5 Re8 11.c4  1/2-1/2